Ходоуменьшитель системы А. Я. Ткаченко и его применение при испытаниях поршневых машин; Научно-техническая конференция в связи с сорокалетним юбилеем учебно-научной деятельности института

Dades bibliogràfiques
Parent link:Научно-техническая конференция в связи с сорокалетним юбилеем учебно-научной деятельности института.— 1940.— С. 142-144
Autor principal: Соколов Ю. Н. Юрий Николаевич
Idioma:rus
Publicat: 1940
Matèries:
Format: MixedMaterials Capítol de llibre
KOHA link:https://koha.lib.tpu.ru/cgi-bin/koha/opac-detail.pl?biblionumber=177268

MARC

LEADER 00000naa2a2200000 4500
001 177268
005 20231031165608.0
035 |a (RuTPU)RU\TPU\book\192175 
035 |a RU\TPU\tpu\6988 
090 |a 177268 
100 |a 20100312d1940 k y0rusy50 ca 
101 0 |a rus 
102 |a RU 
200 1 |a Ходоуменьшитель системы А. Я. Ткаченко и его применение при испытаниях поршневых машин  |f Ю. Н. Соколов 
463 0 |0 (RuTPU)RU\TPU\book\191963  |t Научно-техническая конференция в связи с сорокалетним юбилеем учебно-научной деятельности института  |o тезисы докладов  |f Томский индустриальный институт (ТИИ) ; под ред. К. Н. Шмаргунова  |v С. 142-144  |d 1940  |p 184 с. 
610 1 |a машиностроение 
610 1 |a труды учёных ТПУ 
610 1 |a машиноведение 
700 1 |a Соколов  |b Ю. Н.  |c российский ученый  |c профессор кафедры гидравлики и гидромашин Томского политехнического института  |f 1903-1981  |g Юрий Николаевич  |2 stltpush  |3 (RuTPU)RU\TPU\pers\19868 
801 0 |a RU  |b 63413507  |c 20011210  |g PSBO 
801 2 |a RU  |b 63413507  |c 20100317  |g PSBO 
942 |c BK